Mario Characters :part 1 - Statistics

General Stats
  • This quiz has been taken 23 times
  • The average score is 12 of 15
Answer Stats
Hint Answer % Correct
Green plumber Luigi
100%
Red plumber Mario
100%
Pink princess Peach
100%
Evil turtle Bowser
94%
Evil turtle Jr Bowser Jr
94%
Yellow princess Daisy
94%
Barrel tossing ape Donkey kong
94%
Ghost enemy Boo
89%
Green dinosaur Yoshi
89%
Sidekick of the above Diddy kong
83%
King ghost enemy King boo
83%
Cyan princess Rosalina
72%
Purple dinosaur Birdo
50%
Sidekick of the above Kamek
44%
Sidekick of the above Luma
44%
No matching quizzes found
Score Distribution
Percent of People with Each Score
Percentile by Number Answered
Your Score History
You have not taken this quiz